Illustrations for biblical preaching / (Record no. 6054)
[ view plain ]
| 000 -LEADER | |
|---|---|
| fixed length control field | 00919pam a2200253 a 4500 |
| 001 - CONTROL NUMBER | |
| control field | 18983980 |
| 003 - CONTROL NUMBER IDENTIFIER | |
| control field | OCoLC |
| 005 - DATE AND TIME OF LATEST TRANSACTION | |
| control field | 20190329094106.0 |
| 008 - FIXED-LENGTH DATA ELEMENTS--GENERAL INFORMATION | |
| fixed length control field | 881221s1989 miu 001 0 eng |
| 010 ## - LIBRARY OF CONGRESS CONTROL NUMBER | |
| LC control number | 88035077 |
| 020 ## - INTERNATIONAL STANDARD BOOK NUMBER | |
| International Standard Book Number | 0801038197 |
| 040 ## - CATALOGING SOURCE | |
| Original cataloging agency | DLC |
| Transcribing agency | DLC |
| Modifying agency | MAL |
| 050 0# - LIBRARY OF CONGRESS CALL NUMBER | |
| Classification number | BV4225.2 |
| Item number | .I44 1989 |
| 082 0# - DEWEY DECIMAL CLASSIFICATION NUMBER | |
| Classification number | REF 251 |
| Edition number | 19 |
| Item number | G795I |
| 092 ## - LOCALLY ASSIGNED DEWEY CALL NUMBER (OCLC) | |
| Classification number | 251.08 |
| Item number | Iℓ6g |
| 245 00 - TITLE STATEMENT | |
| Title | Illustrations for biblical preaching / |
| Statement of responsibility, etc. | edited by Michael P. Green ; foreword by Haddon W. Robinson. |
| 260 ## - PUBLICATION, DISTRIBUTION, ETC. | |
| Place of publication, distribution, etc. | Grand Rapids, Mich. : |
| Name of publisher, distributor, etc. | Baker Book House, |
| Date of publication, distribution, etc. | c1989. |
| 300 ## - PHYSICAL DESCRIPTION | |
| Extent | 448 p. ; |
| Dimensions | 24 cm. |
| 500 ## - GENERAL NOTE | |
| General note | "First published in a card-file format as The expositor's illustration file in 1982 and in a revised edition published in 1985. The current work is a major revision of the 1985 edition"--P. 11. |
| 500 ## - GENERAL NOTE | |
| General note | Includes indexes. |
| 650 #0 - SUBJECT ADDED ENTRY--TOPICAL TERM | |
| Topical term or geographic name entry element | Homiletical illustrations. |
| 700 1# - ADDED ENTRY--PERSONAL NAME | |
| Personal name | Green, Michael P. |
| 942 ## - ADDED ENTRY ELEMENTS (KOHA) | |
| Source of classification or shelving scheme | Dewey Decimal Classification |
| Koha item type | Reference |
| Withdrawn status | Lost status | Source of classification or shelving scheme | Damaged status | Not for loan | Collection code | Home library | Current library | Shelving location | Date acquired | Cost, normal purchase price | Total Checkouts | Full call number | Barcode | Date last seen | Price effective from | Koha item type |
|---|---|---|---|---|---|---|---|---|---|---|---|---|---|---|---|---|
| Dewey Decimal Classification | Not For Loan | Reference | Harvest Mission College | Harvest Mission College | Reference | 11.01.2019 | 250.00 | REF 251 G795I | 006871 | 11.01.2019 | 11.01.2019 | Reference |
